MARC

LEADER 00000nam0a2200000 4500
001 4405
005 20231030175105.0
010 |a 5250026540 
035 |a (RuTPU)RU\TPU\book\4429 
035 |a BOOK00004442 
090 |a 4405 
100 |a 20011209d1997 km y0rusy50 ca 
101 1 |a rus  |c eng 
102 |a RU 
105 |a a z 000zy 
200 1 |a Живые религии  |e пер. с англ.  |f М. П. Фишер 
210 |a Москва  |c Республика  |d 1997 
215 |a 368 с.  |c ил. 
610 1 |a религии 
610 1 |a индуизм 
610 1 |a джайнизм 
610 1 |a буддизм 
610 1 |a даосизм 
610 1 |a конфуцианство 
610 1 |a синто 
610 1 |a зороастризм 
610 1 |a иудаизм 
610 1 |a христианство 
610 1 |a ислам 
610 1 |a сикхизм 
610 1 |a геософия 
610 1 |a бахаи 
686 |a Э3  |v LBC/SL-A  |2 rubbk 
700 1 |a Фишер  |b М. П.  |g Мэри Пат 
801 0 |a RU  |b 63413507  |c 20011209  |g PSBO 
801 2 |a RU  |b 63413507  |c 20090505  |g PSBO 
900 |a Обычаи и традиции народов мира 
942 |c BK